| 000 | 00836nam a22002777a 4500 | ||
|---|---|---|---|
| 003 | URS | ||
| 005 | 20250828100517.0 | ||
| 008 | 250324b ||||| |||| 00| 0 eng d | ||
| 020 | _a9789714730549 | ||
| 040 | _cURS | ||
| 050 |
_aQA162 _b.R277 2017 |
||
| 100 |
_911552 _aReis, Clive |
||
| 245 |
_aAbstract Algebra _bIntroduction to Groups, Rings, and Fields with Applications |
||
| 250 | _a2nd Edition | ||
| 264 |
_aCanada _c©2017 |
||
| 300 |
_a555 pages.,: _c23 cm. |
||
| 336 |
_2rdacontent _atext |
||
| 337 |
_2rdamedia _aunmediated |
||
| 338 |
_2rdacarrier _avolume |
||
| 650 | 0 |
_94917 _aAlgebra, Abstract _xTextbooks. |
|
| 650 | 0 |
_911553 _aGroup Algebras _xTextbooks. |
|
| 650 | 0 |
_911554 _aRings (Algebra) _xTextbooks. |
|
| 650 | 0 |
_911555 _aAlgebraic Fields _xTextbooks. |
|
| 700 |
_911556 _aRankin, Stuart A. |
||
| 942 |
_2lcc _cR |
||
| 999 |
_c85102 _d85100 |
||